Tilastot visalle Minkä Bändin Laulaja?

Klikkaa tästä pelataksesi tätä visaa!

Yleistilastot

  • Tätä visaa on pelattu 408 kertaa
    (406 viimeisimmän päivityksen jälkeen)
  • Keskiarvotulos 10 / 15

Vastaustilastot

LaulajaBändi% Oikein
Elli HalooHaloo Helsinki!
98%
Toni WirtanenApulanta
91%
Paula VesalaPMMP
91%
Olli Lindholm
91%
Pate MustajärviPopeda
86%
Pertti ''Nipa'' NeumannDingo
77%
Lauri YlönenThe Rasmus
76%
Ville ValoHIM
73%
Vesku JokinenKlamydia
63%
Jyrki 69The 69 Eyes
56%
Iso HFintelligens
49%
Ilkka AlankoNeljä Ruusua
48%
Herra YlppöMaj Karma
30%
Laura NärhiKemopetrol
25%
Kärtsy HatakkaWaltari
11%

Tulosjakauma

Persentiili vastausten määrän mukaan

Jokaisen tuloksen saaneiden osuus

Tuloshistoriasi

Et ole pelannut tätä visaa sen viimeisimmän päivityksen jälkeen